Movies Quiz

Random Movies Quiz
Score 0/17 Timer 06:00
1 Play Today
% Correct
The Wizard of Oz
99%
Capote
81.3%
Carnival of Souls
50%
Critters
41.5%
In Cold Blood
40.9%
The Outlaw Josey Wales
33.3%
Superman
31.6%
Paper Moon
31.6%
Leap of Faith
23.8%
% Correct
Splendor in the Grass
22.8%
Winchester '73
18.7%
A Boy and his Dog
18.1%
The Ice Harvest
14.5%
Hedwig and the Angry Inch
12.5%
Dodge City
7.8%
The Learning Tree
5.2%
Picnic
0%
Remove Ads.
Support Sporcle.
Get the best of Sporcle when you Go Orange. This ad-free experience offers more features, more stats, and more fun while also helping to support Sporcle. Thank you for becoming a member.

You're not logged in!

Compare scores with friends on all Sporcle quizzes.
OR
Log In

Show Comments

Extras

Created Aug 15, 2016ReportNominate
Tags:scene, set, Slideshow

Top Quizzes Today


Score Distribution

Your Account Isn't Verified!

In order to create a playlist on Sporcle, you need to verify the email address you used during registration. Go to your Sporcle Settings to finish the process.

Report this User

Report this user for behavior that violates our Community Guidelines.

Details: